000 01674cam a22004094a 4500
001 13588138
003 OSt
005 20180116183053.0
008 040510s2004 maua 000 0 eng
010 _a 2004010456
020 _a1590301854 (pbk. : alk. paper)
040 _aDLC
_cDLC
_dDLC
041 1 _aeng
_hchi
042 _apcc
043 _aa-cc---
050 0 0 _aU101
_b.S9513 2004
082 0 0 _a355.02 TZU 2004
_222
100 0 _aTzu,Sun.
_dactive 6th century B.C.
240 1 0 _aSunzi bing fa.
_lEnglish
245 1 4 _aThe art of war :
_ban illustrated edition /
_cSun Tzu ; translated by Thomas Cleary.
250 _a1st paperback ed.
260 _aBoston, MA :
_bShambhala Publications,
_c2004.
300 _a223 p. :
_bill. ; PB
_c24 cm.
440 _aThe art of war :
500 _aRev. ed. of: The illustrated art of war. 1st ed. 1998.
650 0 _aMilitary art and science
_zChina
_vEarly works to 1800.
650 0 _aStrategy
_vEarly works to 1800.
650 0 _aLeadership
_vEarly works to 1800.
700 1 _aCleary, Thomas F.,
_d1949-
856 4 1 _3Table of contents
_uhttp://www.loc.gov/catdir/toc/fy055/2004010456.html
856 4 1 _3Sample text
_uhttp://www.loc.gov/catdir/samples/random051/2004010456.html
856 4 2 _3Publisher description
_uhttp://www.loc.gov/catdir/description/random051/2004010456.html
856 4 2 _3Contributor biographical information
_uhttp://www.loc.gov/catdir/enhancements/fy0661/2004010456-b.html
906 _a7
_bcbc
_corignew
_d1
_eecip
_f20
_gy-gencatlg
942 _2ddc
_cBK
999 _c351708
_d351708